00612nam a2200157 a 450000100100000000500170001000800410002704000250006811000770009324500860017026000390025630000280029504900090032395201050033299900170043700002742520200930030827.0110331s1987 dr 000 0 spa d aDO-SdBNPbspacBNPHU1 aRepública Dominicana.bInstituto Nacional de la Vivienda (INVI)95449310aEstadísticas Básicas del sector vivienda :bRepública Dominicana 1980-1985. aSanto Domingo :bUniversal,c1987. a150 p. :bil. ;c28 cm. aBNPD 0010718PDaPDbPDcCTd2011-03-31iLF1l0o p27425-10r2020-06-25w2020-06-25yLFPDZNo se presta c26917d26917